| 000 | 01178cam a2200385 a 4500 | ||
|---|---|---|---|
| 001 | 3968 | ||
| 003 | FISKH | ||
| 005 | 20240528152205.0 | ||
| 008 | 990927s2000 nyua b 000 0 eng | ||
| 010 | _a 99049697 | ||
| 020 | _a0789457075 (pb) | ||
| 020 | _a9780789457073 | ||
| 020 | _a0789457067 (hc) | ||
| 040 |
_aDLC _cDLC _dDLC _beng |
||
| 042 | _alcac | ||
| 050 | 0 | 0 |
_aQL755 _b.W36 2000 |
| 082 | 0 | 0 |
_a591.56/5 _221 |
| 100 | 1 | _aWallace, Karen. | |
| 245 | 1 | 2 |
_aA bed for the winter / _cwritten by Karen Wallace. |
| 260 |
_aNew York : _bDorling Kindersley Publisher, _c2000. |
||
| 300 |
_a32 pages : _bcolor illustrations ; _c23 cm. |
||
| 440 | 0 | _aDorling Kindersley readers | |
| 505 | _aJ | ||
| 520 | _aA dormouse encounters many different animals as she searches for a place to spend the winter. | ||
| 521 | 8 |
_a470
_bLexile |
|
| 521 | 8 |
_aJ
_bRaz-Plus |
|
| 650 | 0 |
_aHibernation _vJuvenile literature. |
|
| 650 | 0 |
_aHazel mouse _xHibernation _vJuvenile literature. |
|
| 650 | 1 | _aDormice. | |
| 650 | 1 |
_aAnimals _xHabitations. |
|
| 650 | 1 | _aHibernation. | |
| 906 |
_a7 _bcbc _corignew _d1 _eocip _f19 _gy-gencatlg |
||
| 942 |
_2ddc _cBK _n0 |
||
| 999 |
_c3968 _d3968 |
||